Who Can Beat Kansas? - Statistics

General Stats
  • This quiz has been taken 3 times
  • The average score is 32 of 49
Answer Stats
Hint Answer % Correct
Alaska Larger
100%
Texas Larger
100%
California Larger
100%
Montana Larger
100%
New Mexico Larger
100%
Arizona Larger
100%
Colorado Larger
100%
Utah Larger
100%
Idaho Larger
100%
Nevada Larger
67%
Oregon Larger
67%
Wyoming Larger
67%
Michigan Larger
67%
Minnesota Larger
67%
South Dakota Smaller
67%
Florida Smaller
67%
Wisconsin Smaller
67%
Georgia Smaller
67%
North Carolina Smaller
67%
Arkansas Smaller
67%
Alabama Smaller
67%
Louisiana Smaller
67%
Mississippi Smaller
67%
Ohio Smaller
67%
Virginia Smaller
67%
Tennessee Smaller
67%
Kentucky Smaller
67%
Indiana Smaller
67%
South Carolina Smaller
67%
West Virginia Smaller
67%
Maryland Smaller
67%
Hawaii Smaller
67%
Massachusetts Smaller
67%
Vermont Smaller
67%
New Hampshire Smaller
67%
New Jersey Smaller
67%
Connecticut Smaller
67%
Delaware Smaller
67%
Rhode Island Smaller
67%
Nebraska Smaller
33%
North Dakota Smaller
33%
Oklahoma Smaller
33%
Illinois Smaller
33%
Iowa Smaller
33%
New York Smaller
33%
Pennsylvania Smaller
33%
Maine Smaller
33%
Washington Smaller
0%
Missouri Smaller
0%
No matching quizzes found
Score Distribution
Percent of People with Each Score
Percentile by Number Answered
Your Score History
You have not taken this quiz